Score 0/65 Timer 10:00
0 Plays Today
Publisher Superhero % Correct
DCBatman
99.2%
DCRobin
77.4%
DCGreen Arrow
72.9%
MarvelIron Man
68.9%
MarvelHawkeye
63.4%
DCNightwing
56.9%
DCBatgirl
55.6%
MarvelBlack Widow
47.1%
MarvelThe Punisher
43.6%
DCCatwoman
39.5%
DCBatwoman
36.6%
MarvelNick Fury
35.7%
DCSpeedy
35.3%
MarvelWar Machine
34.9%
DCGreen Lantern
34.7%
DCHuntress
28.8%
DCThe Question
25.6%
DCOracle
24.9%
DCBlue Beetle
23.5%
DCArsenal
22%
MarvelElektra
19.9%
DCWildcat
19.5%
MarvelMockingbird
18.4%
DCBooster Gold
17.3%
DCSteel
14.8%
DCVigilante
14.4%
DCSpoiler
13.3%
MarvelBlack Knight
12.5%
MarvelShang-Chi
10.6%
DCGuardian
9.7%
DCSandman
9.5%
DCMr. Terrific
8.5%
DCRorschach
7.8%
Publisher Superhero % Correct
DCShining Knight
7.6%
DCArrowette
7.4%
DCKatana
7.2%
MarvelNight Thrasher
6.8%
DCJonah Hex
6.6%
MarvelProwler
5.9%
MarvelSilver Sable
5.7%
DCBronze Tiger
4.7%
DCJohn Constantine
4.2%
DCManhunter
4.2%
MarvelProdigy
3.4%
DCRoy Harper
3.4%
MarvelUnion Jack
3.4%
DCAnarky
3%
DCRichard Dragon
3%
DCOnyx
2.7%
DCDoctor Mid-Nite
2.5%
DCNemesis
2.5%
DCHuman Target
2.3%
MarvelScourge of the Underworld
2.3%
DCBlackhawks
2.1%
DCMister Miracle
2.1%
DCRobin Hood
1.9%
DCEmpress
1.7%
MarvelDavid Alleyne
1.5%
DCSavant
1.3%
MarvelChase Stein
1.1%
DCGangbuster
1.1%
MarvelDusk
0.6%
DCMia Dearden
0.6%
MarvelMichael Van Patrick
0.4%
DCKing Arthur
0.2%
Remove Ads.
Support Sporcle.
Get the best of Sporcle when you Go Orange. This ad-free experience offers more features, more stats, and more fun while also helping to support Sporcle. Thank you for becoming a member.

You're not logged in!

Compare scores with friends on all Sporcle quizzes.
OR
Log In

Show Comments

Extras

Top Quizzes Today


Score Distribution

Your Account Isn't Verified!

In order to create a playlist on Sporcle, you need to verify the email address you used during registration. Go to your Sporcle Settings to finish the process.

Report this User

Report this user for behavior that violates our Community Guidelines.

Details: